000 00344pab a2200145 454500
008 180718b1996 xxu||||| |||| 00| 0 eng d
100 _aSebastian, P.A.
245 _aTerrorism and the state
260 _c1996
300 _ap.1574-575
362 _a22 Jun
650 _aTerrorism
773 _aEconomic and Political Weekly
909 _a31440
999 _c31440
_d31440